The Office Characters Season 7 Quiz Stats

 Plays Quiz not verified by Sporcle

Challenge
Share
Tweet
Embed
Score 0/19 Timer 02:00
0 Plays Today
Position % Correct
SaleswomanPam
95.3%
SalesmanJim
94.9%
BossMichael
94.5%
SalesmanDwight
90.9%
AccountantAngela
89.4%
AccountantOscar
88.2%
ReceptionistErin
88.2%
SalesmanAndy
87.8%
HR Rep.Toby
87.8%
AccountantKevin
85.8%
Position % Correct
SaleswomanPhyllis
83.9%
WUPHF CEORyan
83.9%
SalesmanStanley
83.5%
Sabre RepresentativeGabe
83.1%
Former Warehouse WorkerDarryl
80.7%
AccountantCreed
75.6%
HR Rep.Holly
72.8%
HR Rep.Kelly
71.7%
AccountantMeredith
70.1%

You're not logged in!

Compare scores with friends on all Sporcle quizzes.
Join for Free
OR
Log In

You Might Also Like...

Show Comments

Extras

Top Quizzes Today


Score Distribution

Your Account Isn't Verified!

In order to create a playlist on Sporcle, you need to verify the email address you used during registration. Go to your Sporcle Settings to finish the process.

Report this User

Report this user for behavior that violates our Community Guidelines.

Details: